Leagues Of Legends Spell Quiz - Statistics

General Stats
  • This quiz has been taken 1,990 times
    1,982 since last reset
  • The average score is 6 of 15
Answer Stats
Hint Answer % Correct
Ahri's E Charm
84%
Nunu's R Absolute Zero
71%
Jarvan IV's R Cataclysm
61%
Udyr E Bear Stance
58%
Graves' W Smoke Screen
56%
Master Yi's E Wuju Style
52%
Nasus's Q Siphoning Strike
51%
Lee Sin's W Safeguard/Iron Will
47%
Gangplank's W Remove Scurvy
35%
Jayce's Q Shock Blast/To The Skies
28%
Diana's Q Crescent Strike
23%
LeBlanc's Q Sigil Of Silence
19%
Sion's Q Cryptic Gaze
4%
Darius R Noxian Gullotine
4%
Urgot's W Terror Capacitor
4%
No matching quizzes found
Score Distribution
Percent of People with Each Score
Percentile by Number Answered
Your Score History
You have not taken this quiz since the last reset